Catálogo
Digital

Catálogo
Digital

Apego, mujer y violencia (Record no. 11612)

MARC details
000 -CABECERA
campo de control de longitud fija 03577nam a2200361 4500
003 - IDENTIFICADOR DEL NÚMERO DE CONTROL
campo de control EC-UNACH
005 - FECHA Y HORA DE LA ÚLTIMA TRANSACCIÓN
campo de control 20260325103412.0
006 - CÓDIGOS DE INFORMACIÓN DE LONGITUD FIJA--CARACTERÍSTICAS DEL MATERIAL ADICIONAL
campo de control de longitud fija s||||gr|||| 00| 00
008 - DATOS DE LONGITUD FIJA--INFORMACIÓN GENERAL
campo de control de longitud fija 150116t9999 mx r gr 000 0 spa d
020 ## - NÚMERO INTERNACIONAL ESTÁNDAR DEL LIBRO
Número Internacional Estándar del Libro 978-9942-835-45-1
040 ## - FUENTE DE LA CATALOGACIÓN
Centro catalogador/agencia de origen EC-UNACH
Centro/agencia transcriptor EC-UNACH
041 ## - CÓDIGO DE LENGUA
Código de lengua del texto/banda sonora o título independiente spa
082 04 - NÚMERO DE LA CLASIFICACIÓN DECIMAL DEWEY
Número de edición 23
Número de clasificación 360
Número de documento/Ítem L015112
100 ## - ENTRADA PRINCIPAL--NOMBRE DE PERSONA
Nombre de persona Pilco Guadalupe, Alexandra / Kohan Cortada, Ana
245 ## - MENCIÓN DE TÍTULO
Título Apego, mujer y violencia
250 ## - MENCIÓN DE EDICIÓN
Mención de edición Primera Edición
264 ## - Producción, publicación, distribución, fabricación y copyright
Lugar de producción, publicación, distribución, fabricación Riobamba - Ecuador
Nombre del de productor, editor, distribuidor, fabricante Universidad Nacional de Chimborazo
Fecha de de producción, publicación, distribución, fabricación o copyright 2021
264 ## - Producción, publicación, distribución, fabricación y copyright
Nombre del de productor, editor, distribuidor, fabricante Producción UNACH
300 ## - DESCRIPCIÓN FÍSICA
Extensión 182 páginas
Otras características físicas --
Dimensiones --
500 ## - NOTA GENERAL
Nota general Es una obra que pretende dar una visión amplia de la mujer como víctima de violencia de parte de su pareja, además de tratar de identificar las motivaciones que mantiene la relación de pareja a pesar de concientizar las agresiones entre la pareja. Se realizó una amplia revisión bibliográfica de antecedentes del apego y las teorías sobre la violencia, se vinculó las dos variables a fin de realizar aportes en la rama de salud mental que permita generar estrategias de cambio a esta problemática planteada y mejorar la calidad de vida de las mujeres que experimenta agresiones de parte de su pareja. Se realizó un aporte empírico con la relación del apego y la violencia doméstica, mediante un estudio de enfoque cuantitativo y de tipo descriptivo correlacional de cohorte transversal. La muestra estuvo constituida por dos grupos: el primero N= 600 (no maltratadas), con edades comprendidas entre 18 a 59 con una x=29,36 y una S=10,744 y el segundo por 118 mujeres víctimas de violencia de pareja 20 a 59 años con una x=35,27 y una S= 10,011. Los instrumentos utilizados fueron el cuestionario Relationships-revised (ECR-R) Questionnaire validado por Fraley y Shaver (2000), con un α=0,87, que evaluó el tipo de apego, además, se construyó una escala que evalúa niveles de violencia doméstica, con un α= 0,968. Se concluyó que, en base a los resultados de esta investigación, predominaron el apego ansioso y una asociación significativa entre este tipo de apego con las creencias irracionales de las mujeres víctimas de violencia.
505 ## - NOTA DE CONTENIDO CON FORMATO
Nota de contenido con formato INTRODUCCIÓN. -- JUSTIFICACIÓN. -- CAPÍTULO I. TEORÍAS Y MODELOS DEL APEGO. -- Apego y dependencia emocional. – 1.2. Modelos del apego. -- CAPÍTULO II. VÍNCULOS DE APEGO. -- 2.1 Seguridad en el apego. -- 2.2 Apego adulto. -- 2.3 Fases en la formación de la relación de pareja según el apego. -- 2.4 Apego y conducta violenta. -- CAPÍTULO III. ANTECEDENTES TEÓRICOS DE LA VIOLENCIA. -- 3.1 Aportes teóricos. -- CAPÍTULO IV. TIPOLOGÍAS DE VIOLENCIA. -- 4.1 Formas de violencia. -- CAPÍTULO V. VIOLENCIA CONTRA LA MUJER. -- 5.1 Secuelas y riesgos de la violencia. -- 5.2 Violencia doméstica. -- 5.3 Tipos de femicidio. -- 5.4 Femicidio y violencia contra la mujer en Latinoamérica y Ecuador. -- CAPÍTULO VI. APORTES EMPÍRICOS DE VIOLENCIA Y APEGO. -- 6.1 Resultados de investigación. -- 6.2 Cuestionario de apego. -- 6.3 Comparación con varios estudios. -- CONCLUSIONES. -- REFERENCIAS BIBLIOGRÁFICAS.
650 ## - PUNTO DE ACCESO ADICIONAL DE MATERIA--TÉRMINO DE MATERIA
Término de materia o nombre geográfico como elemento inicial APEGO ADULTO
650 ## - PUNTO DE ACCESO ADICIONAL DE MATERIA--TÉRMINO DE MATERIA
Término de materia o nombre geográfico como elemento inicial CREENCIAS IRRACIONALES
650 ## - PUNTO DE ACCESO ADICIONAL DE MATERIA--TÉRMINO DE MATERIA
Término de materia o nombre geográfico como elemento inicial MUJERES MALTRATADAS
650 ## - PUNTO DE ACCESO ADICIONAL DE MATERIA--TÉRMINO DE MATERIA
Término de materia o nombre geográfico como elemento inicial VÍCTIMAS
653 ## - TÉRMINO DE INDIZACIÓN--NO CONTROLADO
Término no controlado Violencia de género
856 ## - LOCALIZACIÓN Y ACCESO ELECTRÓNICOS
Identificador Uniforme del Recurso <a href="http://investigacion.unach.edu.ec/countlibros.php?id=60">http://investigacion.unach.edu.ec/countlibros.php?id=60</a>
Texto de enlace Libro Digital - Apego, mujer y violencia
942 ## - ELEMENTOS DE PUNTO DE ACCESO ADICIONAL (KOHA)
Fuente del sistema de clasificación o colocación Clasificación Decimal Dewey
Tipo de ítem Koha Libro electrónico
999 ## - NÚMEROS DE CONTROL DE SISTEMA (KOHA)
Koha biblionumber 11612
Holdings
Estado de pérdida Fuente del sistema de clasificación o colocación Estado dañado No para préstamo Localización permanente Ubicación/localización actual Ubicación en estantería Fecha de adquisición Fuente de adquisición Total de préstamos Signatura topográfica completa Código de barras Fecha visto por última vez Número de copia Precio válido a partir de Tipo de ítem Koha Centro de costos
  Clasificación Decimal Dewey     Biblioteca Campus Norte Biblioteca Campus Norte Pedagogía de la Historia y las Ciencias Sociales 25/03/2026 Producción Científica UNACH   360 PIL L015112 L015112 25/03/2026 Ejemplar: 01 25/03/2026 Libro electrónico  

Powered by Koha